[Event "XI Festival A"]
[Site "Campobasso ITA"]
[Date "2004.07.10"]
[Round "3"]
[White "Messina, Enrico"]
[Black "Napoli, Nicolo'"]
[Result "0-1"]
[WhiteElo "2112"]
[BlackElo "2172"]
[PlyCount "100"]
[EventDate "2004.07.09"]

1. e4 g6 2. d4 Bg7 3. Nc3 c6 4. f4 d5 5. e5 h5 6. Nf3 Bg4 7. Be2 e6 8. O-O Ne7
9. Ng5 Nf5 10. Bxg4 hxg4 11. Qxg4 Qb6 12. Ne2 c5 13. c3 cxd4 14. Nxd4 Nc6 15.
Ngf3 Ncxd4 16. Nxd4 Nxd4 17. cxd4 Qxd4+ 18. Kh1 O-O-O 19. Qf3 Kb8 20. Be3 Qa4
21. Rfd1 Rc8 22. b3 Qa6 23. Qf2 Bf8 24. Rd4 Bc5 25. Ra4 Qb6 26. Bd4 Rc7 27. h3
Rhc8 28. Rd1 Qb5 29. Bxc5 Rxc5 30. Rad4 a6 31. Kh2 Rc3 32. R4d2 Qa5 33. Re1 Qc7
34. Re3 Rc6 35. Ree2 Ka8 36. Re1 Qe7 37. Ree2 Rc1 38. Rc2 Qd7 39. Rxc1 Rxc1 40.
Rc2 Rxc2 41. Qxc2 d4 42. Qd3 Qd5 43. Kg1 Qd8 44. Kf1 f6 45. Qxg6 fxe5 46. fxe5
Qd5 47. Qg3 d3 48. Ke1 Qe4+ 49. Kf1 Qe2+ 50. Kg1 d2 0-1

[Event "XI Festival A"]
[Site "Campobasso ITA"]
[Date "2004.07.10"]
[Round "3"]
[White "Mitkov, Nikola"]
[Black "Georgiev, Vladimir"]
[Result "1/2-1/2"]
[WhiteElo "2534"]
[BlackElo "2511"]
[PlyCount "44"]
[EventDate "2004.07.09"]

1. e4 e6 2. d4 d5 3. Nc3 Bb4 4. Nge2 dxe4 5. a3 Be7 6. Nxe4 Nf6 7. N2g3 Nbd7 8.
Bd3 b6 9. O-O Bb7 10. Re1 O-O 11. b3 c5 12. Bb2 Nxe4 13. Nxe4 cxd4 14. Bxd4 Nf6
15. Nxf6+ Bxf6 16. Bxf6 Qxf6 17. Qh5 g6 18. Qe5 Qxe5 19. Rxe5 Rfd8 20. a4 a6
21. f3 Kf8 22. Kf2 Ke7 1/2-1/2

[Event "XI Festival A"]
[Site "Campobasso ITA"]
[Date "2004.07.10"]
[Round "3"]
[White "Mrdja, Milan"]
[Black "Collutiis, Duilio"]
[Result "1/2-1/2"]
[WhiteElo "2432"]
[BlackElo "2387"]
[PlyCount "112"]
[EventDate "2004.07.09"]

1. e4 c5 2. Nf3 Nc6 3. d4 cxd4 4. Nxd4 Qc7 5. Nb5 Qb8 6. c4 Nf6 7. N5c3 b6 8.
Be2 Bb7 9. O-O e6 10. Be3 Bc5 11. Qd2 O-O 12. Na3 Ne7 13. Bf3 Ng6 14. Nab5 Ne5
15. Bxc5 bxc5 16. Nd6 Ne8 17. Nxe8 Rxe8 18. Be2 d6 19. Rad1 Rd8 20. f4 Nc6 21.
f5 Ne5 22. f6 Rd7 23. fxg7 Kxg7 24. Qg5+ Ng6 25. Rf3 Kg8 26. Rfd3 Bc6 27. b3
Qf8 28. h4 Qd8 29. Qg3 Qxh4 30. Qxh4 Nxh4 31. Rxd6 Rxd6 32. Rxd6 Rc8 33. Kf2
Kf8 34. Rd1 Ng6 35. Rh1 Kg7 36. Rh5 e5 37. Ke3 f6 38. Rh1 Nf4 39. Bf3 Rd8 40.
Nd5 Ne6 41. Rh3 Be8 42. Rh1 Nd4 43. Rc1 Bg6 44. Nc3 Be8 45. Nd5 Rb8 46. Kd3 Bd7
47. Kc3 a5 48. Rb1 Rf8 49. Ne3 f5 50. exf5 Bxf5 51. Rf1 Bg6 52. Bg4 Rxf1 53.
Nxf1 Kf6 54. Ne3 Kg5 55. g3 h5 56. Bd1 Bf5 1/2-1/2

[Event "XI Festival A"]
[Site "Campobasso ITA"]
[Date "2004.07.10"]
[Round "3"]
[White "Pazderski, Bartlomiej"]
[Black "Cordi', Domenico"]
[Result "0-1"]
[WhiteElo "1835"]
[BlackElo "2110"]
[PlyCount "64"]
[EventDate "2004.07.09"]

1. e4 Nf6 2. Nc3 e5 3. f4 d6 4. Nf3 Nc6 5. Bc4 Be7 6. d3 O-O 7. O-O Na5 8. fxe5
dxe5 9. Nxe5 Qd4+ 10. Kh1 Qxe5 11. Bf4 Qc5 12. Na4 Qc6 13. Bb3 Nxb3 14. cxb3
Bg4 15. Qe1 Qd7 16. Qe3 Rfd8 17. h3 Bh5 18. g4 Bg6 19. Rf3 c6 20. Nc3 Qd4 21.
Qe2 Rd7 22. Bh2 Re8 23. Bg1 Qb4 24. e5 Bd8 25. Re3 Nd5 26. e6 fxe6 27. Rxe6
Rde7 28. Nxd5 cxd5 29. Rxe7 Rxe7 30. Qf3 Qb5 31. Rd1 Rf7 32. Qe2 Be4+ 0-1

[Event "XI Festival A"]
[Site "Campobasso ITA"]
[Date "2004.07.10"]
[Round "3"]
[White "Petruccioli, Antonio"]
[Black "Cappai, Davide"]
[Result "0-1"]
[WhiteElo "2091"]
[BlackElo "2132"]
[PlyCount "71"]
[EventDate "2004.07.09"]

1. e4 c5 2. Nf3 Nc6 3. Bb5 g6 4. O-O Bg7 5. c3 e5 6. a4 a6 7. Bc4 Qe7 8. Re1 d6
9. d3 h6 10. Be3 g5 11. Re2 Nf6 12. Nbd2 Ng4 13. Nf1 Be6 14. h3 Nf6 15. Bc1 Nh5
16. g4 Nf4 17. Bxf4 gxf4 18. Bxe6 fxe6 19. N3d2 Kf7 20. f3 Bf6 21. a5 Bh4 22.
Nc4 Rh7 23. Qc2 Rah8 24. Rh2 h5 25. Kg2 Kg6 26. Rd1 hxg4 27. fxg4 f3+ 28. Kxf3
Rf8+ 29. Kg2 Rhf7 30. Kg1 Qf6 31. Qe2 Qd8 32. Ra1 Rf4 33. Rg2 R8f7 34. Rh2 Qf6
35. Nfd2 Bf2+ 36. Kg2 0-1

[Event "XI Festival A"]
[Site "Campobasso ITA"]
[Date "2004.07.10"]
[Round "3"]
[White "Pulimeno, Roberto"]
[Black "Massetti, Gianfranco"]
[Result "1/2-1/2"]
[WhiteElo "1916"]
[BlackElo "2017"]
[PlyCount "109"]
[EventDate "2004.07.09"]

1. e4 e5 2. Nf3 Nc6 3. Bb5 a6 4. Ba4 d6 5. h3 Nge7 6. O-O Ng6 7. c3 Be7 8. Re1
O-O 9. Bc2 b5 10. a4 b4 11. d3 Kh8 12. Nbd2 f5 13. Nf1 fxe4 14. dxe4 bxc3 15.
b3 Nb4 16. Re3 Be6 17. Rxc3 Qd7 18. Ng5 Bxg5 19. Bxg5 Nf4 20. Bxf4 Rxf4 21. Rc1
Na2 22. Bd3 Nxc1 23. Qxc1 c5 24. Ng3 g6 25. Bf1 a5 26. Qd1 Qe7 27. Rd3 Rd8 28.
Ne2 Rxe4 29. Nc3 Rd4 30. Nb5 Rxd3 31. Bxd3 d5 32. Qd2 c4 33. Bc2 cxb3 34. Bxb3
d4 35. Bd1 Qb4 36. Qg5 Qe1+ 37. Kh2 Rf8 38. Qe7 Rxf2 39. Qxe6 Rf1 40. Qc8+ Kg7
41. Qc7+ Kh6 42. Qc1+ Qe3 43. Qxe3+ dxe3 44. Be2 Re1 45. Nc3 Rc1 46. Ne4 Rc2
47. Ng3 Kg5 48. Bd3 Ra2 49. Bb5 h5 50. Ne2 h4 51. g3 Rb2 52. Kg2 e4 53. Bc4
hxg3 54. Kxg3 Kf5 55. h4 1/2-1/2

[Event "XI Festival A"]
[Site "Campobasso ITA"]
[Date "2004.07.10"]
[Round "3"]
[White "Stromboli, Ettore"]
[Black "Shytaj, Luca"]
[Result "1-0"]
[WhiteElo "2116"]
[BlackElo "2344"]
[PlyCount "95"]
[EventDate "2004.07.09"]

1. e4 c5 2. Nf3 d6 3. d4 cxd4 4. Nxd4 Nf6 5. Nc3 a6 6. f3 e5 7. Nb3 Be6 8. Be3
Be7 9. Qd2 O-O 10. O-O-O a5 11. Na4 Nbd7 12. g4 d5 13. g5 d4 14. gxf6 dxe3 15.
Qc3 Bxf6 16. Nbc5 Qe7 17. Nxd7 Bxd7 18. Nb6 Bg5 19. Kb1 Rad8 20. Nd5 Qd6 21.
Nxe3 Qc6 22. Nd5 Qxc3 23. Nxc3 Be6 24. Bb5 f5 25. exf5 Rxf5 26. Ne4 Rxd1+ 27.
Rxd1 Be7 28. Nd6 Bxd6 29. Rxd6 Kf7 30. Bd7 Rxf3 31. Bxe6+ Ke7 32. Bg4 Rf4 33.
Rd7+ Ke8 34. Bh3 g5 35. Rd2 Ke7 36. Kc1 h5 37. Kd1 g4 38. Bg2 Kf6 39. Ke1 Kf5
40. Re2 Rb4 41. c3 Rb5 42. a4 Rc5 43. Bxb7 h4 44. Kf2 Kf4 45. Re4+ Kf5 46. Ke3
Rc7 47. Ba6 Rg7 48. Bc8+ 1-0

[Event "XI Festival A"]
[Site "Campobasso ITA"]
[Date "2004.07.10"]
[Round "3"]
[White "Voiska, Margarita"]
[Black "Naumkin, Igor"]
[Result "1/2-1/2"]
[WhiteElo "2387"]
[BlackElo "2457"]
[PlyCount "32"]
[EventDate "2004.07.09"]

1. Nf3 Nf6 2. c4 e6 3. g3 d5 4. Bg2 d4 5. O-O c5 6. e3 Nc6 7. exd4 cxd4 8. d3
Be7 9. Na3 O-O 10. Nc2 a5 11. Re1 Re8 12. b3 Bf8 13. a3 e5 14. Bb2 Bg4 15. Qd2
Rb8 16. Ng5 Qd7 1/2-1/2

[Event "XI Festival A"]
[Site "Campobasso ITA"]
[Date "2004.07.10"]
[Round "3"]
[White "Zimina, Olga"]
[Black "Djuric, Stefan"]
[Result "0-1"]
[WhiteElo "2430"]
[BlackElo "2511"]
[PlyCount "88"]
[EventDate "2004.07.09"]

1. e4 e5 2. Nf3 d6 3. d4 Nf6 4. Nc3 Nbd7 5. Bc4 Be7 6. O-O O-O 7. h3 c6 8. a4
Qc7 9. Ba2 b6 10. Bg5 h6 11. Bh4 Bb7 12. Re1 a6 13. Bg3 g6 14. Qd3 Kg7 15. Rad1
Rae8 16. Nb1 c5 17. dxe5 Nxe5 18. Nxe5 dxe5 19. Nd2 Nh5 20. Bh2 Nf4 21. Qc3 Bf6
22. Nc4 Rd8 23. Bxf4 exf4 24. e5 Be7 25. Nd6 Bc6 26. a5 Rb8 27. Bd5 Kg8 28. Qc4
Bxd5 29. Rxd5 b5 30. Qxc5 Qxa5 31. b4 Qb6 32. Re4 Bg5 33. Qc3 Rbd8 34. Rc5 Rd7
35. Rc6 Qd8 36. Rxa6 Rc7 37. Rc6 Rxc6 38. Qxc6 Qa8 39. Qxa8 Rxa8 40. Nxb5 Ra1+
41. Kh2 Rf1 42. Re2 Bh4 43. g3 f3 44. Rd2 44... Bg5 {...} 0-1

[Event "XI Festival A"]
[Site "Campobasso ITA"]
[Date "2004.07.10"]
[Round "4"]
[White "Affinito, Pancrazio"]
[Black "Scagliarini, Bruno"]
[Result "1-0"]
[WhiteElo "2115"]
[BlackElo "2019"]
[PlyCount "75"]
[EventDate "2004.07.09"]

1. d4 e6 2. g3 Nf6 3. Bg2 d5 4. Nf3 c5 5. O-O Nc6 6. c4 Be7 7. cxd5 exd5 8. Nc3
O-O 9. h3 Bf5 10. Be3 Nb4 11. Rc1 c4 12. Ne5 Ne4 13. Nxe4 Bxe4 14. Bxe4 dxe4
15. a3 Nd5 16. Nxc4 f5 17. Bf4 Bg5 18. Bxg5 Qxg5 19. Qb3 Nf4 20. Ne5+ Kh8 21.
Qc4 Nxh3+ 22. Kg2 Nf4+ 23. Kg1 e3 24. Nf3 Qg4 25. Rc3 Nh3+ 26. Kg2 Nf4+ 27. Kg1
exf2+ 28. Kxf2 Nh3+ 29. Kg2 Rae8 30. Ne5 Rxe5 31. dxe5 f4 32. Rh1 Ng5 33. Rh4
Qd7 34. Rxf4 Qh3+ 35. Kg1 Rd8 36. Qd5 Re8 37. Qd6 Ne6 38. Qd7 1-0

[Event "XI Festival A"]
[Site "Campobasso ITA"]
[Date "2004.07.10"]
[Round "4"]
[White "Bottino, Alexiei"]
[Black "Pulimeno, Roberto"]
[Result "1/2-1/2"]
[WhiteElo "2061"]
[BlackElo "1916"]
[PlyCount "29"]
[EventDate "2004.07.09"]

1. d4 Nf6 2. c4 g6 3. Nc3 Bg7 4. e4 d6 5. Nf3 O-O 6. Be2 Nbd7 7. O-O e5 8. d5
Nc5 9. Qc2 a5 10. Bg5 h6 11. Bh4 g5 12. Bg3 Nh5 13. Nd2 Nf4 14. Rac1 f5 15.
Bxf4 1/2-1/2

[Event "XI Festival A"]
[Site "Campobasso ITA"]
[Date "2004.07.10"]
[Round "4"]
[White "Cappai, Davide"]
[Black "Ljubisavljevic, Zivojin Z."]
[Result "0-1"]
[WhiteElo "2132"]
[BlackElo "2280"]
[PlyCount "126"]
[EventDate "2004.07.09"]

1. e4 e6 2. d4 d5 3. Nc3 Bb4 4. e5 c5 5. a3 Bxc3+ 6. bxc3 Qc7 7. Nf3 b6 8. Bb5+
Bd7 9. Bxd7+ Nxd7 10. O-O h6 11. a4 Ne7 12. Qd2 Rc8 13. Ba3 Nc6 14. Qe3 Na5 15.
Nd2 O-O 16. Qg3 f5 17. exf6 Qxg3 18. hxg3 gxf6 19. Nb3 Nxb3 20. cxb3 Rfe8 21.
f4 f5 22. dxc5 bxc5 23. b4 cxb4 24. Bxb4 Nf6 25. Rfd1 Ne4 26. Rd3 Kf7 27. Ra2
h5 28. Kh2 Rg8 29. Rb2 Rb8 30. a5 Rgc8 31. Re3 Rc4 32. Rd3 a6 33. Rd4 Rxd4 34.
cxd4 Nd6 35. Ba3 Rxb2 36. Bxb2 Nb5 37. Kh3 Nd6 38. Bc3 Kg6 39. Kh4 Nc4 40. Bb4
Ne3 41. Bd2 Ng4 42. Be1 Ne3 43. Bd2 Nc2 44. Bc3 Kh6 45. Bb2 Nb4 46. Bc3 Nc6 47.
Kh3 Ne7 48. Bb4 Ng6 49. Bd6 Kg7 50. Bc7 Kf7 51. Bd6 Ke8 52. Bc7 Kd7 53. Bb8 Kc6
54. Ba7 Kb5 55. Bb6 Kc4 56. Ba7 Ne7 57. Kh4 Nc6 58. Bb6 Nxd4 59. Kxh5 Ne2 60.
Bf2 d4 61. g4 Nxf4+ 62. Kg5 Nxg2 63. gxf5 exf5 0-1

[Event "XI Festival A"]
[Site "Campobasso ITA"]
[Date "2004.07.10"]
[Round "4"]
[White "Caputi, Nicola"]
[Black "Pazderski, Bartlomiej"]
[Result "1/2-1/2"]
[WhiteElo "2067"]
[BlackElo "1835"]
[PlyCount "68"]
[EventDate "2004.07.09"]

1. Nf3 Nf6 2. d4 e6 3. Bg5 c5 4. e3 d5 5. c3 Nc6 6. Nbd2 Bd6 7. Bd3 O-O 8. O-O
e5 9. dxe5 Nxe5 10. Nxe5 Bxe5 11. f4 Bc7 12. e4 c4 13. e5 cxd3 14. exf6 gxf6
15. Bh6 Re8 16. Nf3 Kh8 17. Qxd3 Rg8 18. f5 Qd6 19. Kh1 Rg4 20. g3 Bd7 21. Bf4
Rxf4 22. gxf4 Qxf4 23. Qd4 Qxf5 24. Nh4 Qe4+ 25. Qxe4 dxe4 26. Nf5 Bb6 27. Nd4
e3 28. Kg2 Rg8+ 29. Kf3 e2 30. Rf2 Bxd4 31. cxd4 Re8 32. Re1 Bb5 33. b3 a5 34.
d5 Re5 1/2-1/2

[Event "XI Festival A"]
[Site "Campobasso ITA"]
[Date "2004.07.10"]
[Round "4"]
[White "Casale, Antonio"]
[Black "Di Lascio, Savino"]
[Result "0-1"]
[WhiteElo "1844"]
[BlackElo "2024"]
[PlyCount "104"]
[EventDate "2004.07.09"]

1. d4 Nf6 2. Nf3 b6 3. g3 Bb7 4. Bg2 g6 5. O-O Bg7 6. c4 O-O 7. Nc3 e6 8. b3 d5
9. cxd5 exd5 10. Bb2 Nbd7 11. Rc1 c6 12. Re1 a5 13. e3 b5 14. Rc2 Nb6 15. Ne5
b4 16. Nb1 Qd6 17. Nd2 a4 18. Qc1 Rfc8 19. Bh3 Rc7 20. Ndf3 axb3 21. axb3 Ne4
22. Nd2 Ng5 23. Bf1 f6 24. Nef3 h5 25. Nxg5 fxg5 26. e4 Rf7 27. e5 Qf8 28. Nb1
Bh6 29. Qd1 g4 30. Bd3 Kh7 31. Qe2 Qe7 32. Nd2 Raf8 33. Rf1 Na8 34. Bc1 Bxd2
35. Bxd2 Rf3 36. Be3 Nc7 37. Qd2 Ne6 38. Be2 R3f7 39. Bd3 Ra8 40. Ra2 c5 41.
Rxa8 Bxa8 42. Qc2 Rg7 43. dxc5 d4 44. Bd2 Nxc5 45. Bxb4 Qb7 46. f3 Qxb4 47.
Bxg6+ Rxg6 48. Qf5 Qb7 49. Qxh5+ Kg7 50. Qf5 gxf3 51. Rf2 Qxb3 52. h4 Qe6 0-1

[Event "XI Festival A"]
[Site "Campobasso ITA"]
[Date "2004.07.10"]
[Round "4"]
[White "Collutiis, Duilio"]
[Black "Voiska, Margarita"]
[Result "1-0"]
[WhiteElo "2387"]
[BlackElo "2387"]
[PlyCount "97"]
[EventDate "2004.07.09"]

1. e4 d6 2. d4 g6 3. Nf3 Bg7 4. Bd3 Nf6 5. O-O O-O 6. c3 Nc6 7. Qe2 e5 8. dxe5
Nxe5 9. Nxe5 dxe5 10. Nd2 b6 11. Nc4 Re8 12. a4 a5 13. f3 Nd7 14. Ne3 Nc5 15.
Bb5 Re6 16. Rd1 Rd6 17. Rxd6 Qxd6 18. Nc4 Qe7 19. Be3 Bb7 20. Rd1 Bf8 21. Qc2
Qf6 22. Bf2 Ne6 23. Ne3 h5 24. Bc4 Nf4 25. Rd7 Be7 26. Rxc7 Bc6 27. Qb3 Be8 28.
Nd5 Nxd5 29. Bxd5 Rb8 30. Qc4 Bd8 31. Rc8 Rxc8 32. Qxc8 Bxa4 33. Bxf7+ Kxf7 34.
Qc4+ Qe6 35. Qxa4 Qd6 36. Qc4+ Kg7 37. Qd5 Qxd5 38. exd5 b5 39. Kf1 a4 40. Ke2
Be7 41. Kd3 Kf6 42. c4 bxc4+ 43. Kxc4 a3 44. bxa3 Bxa3 45. Bc5 Bc1 46. Kb5 e4
47. fxe4 Bf4 48. Bd4+ Ke7 49. h3 1-0

[Event "XI Festival A"]
[Site "Campobasso ITA"]
[Date "2004.07.10"]
[Round "4"]
[White "Cordi', Domenico"]
[Black "Adamo, Luigi"]
[Result "1-0"]
[WhiteElo "2110"]
[BlackElo "1742"]
[PlyCount "93"]
[EventDate "2004.07.09"]

1. e4 c5 2. Nf3 d6 3. d4 cxd4 4. Nxd4 Nf6 5. Nc3 a6 6. Be2 e6 7. O-O Be7 8. a4
Nc6 9. Be3 Bd7 10. Nb3 b6 11. f4 Qc7 12. Bf3 Rc8 13. Rf2 Nb4 14. Rd2 Bc6 15.
Nd4 O-O 16. Nxc6 Nxc6 17. Qf1 Nb8 18. Rad1 Rfd8 19. Kh1 Nfd7 20. Bd4 Qc4 21.
Be2 Qb4 22. Bxa6 Nxa6 23. Qxa6 Nc5 24. Qa7 Bf8 25. Bxc5 bxc5 26. Qa6 Qxb2 27.
Qd3 Qb4 28. Rb1 Qa5 29. Rb5 Qa6 30. Rd1 g6 31. Rdb1 Bg7 32. a5 c4 33. Qd2 Qc6
34. Rb6 Bxc3 35. Qxc3 Qxe4 36. a6 Qa8 37. Qf6 Qd5 38. a7 Rd7 39. Rb8 Rdc7 40.
a8=Q Qxa8 41. Rxa8 Rxa8 42. h4 h5 43. g4 hxg4 44. h5 gxh5 45. Qg5+ Kf8 46. Qxh5
f5 47. Qh8+ 1-0

[Event "XI Festival A"]
[Site "Campobasso ITA"]
[Date "2004.07.10"]
[Round "4"]
[White "Della Corte, Alessandro"]
[Black "Ragnoni, Alessandro"]
[Result "1-0"]
[WhiteElo "2128"]
[BlackElo "2075"]
[PlyCount "52"]
[EventDate "2004.07.09"]

1. e4 c5 2. Nf3 d6 3. d4 cxd4 4. Qxd4 Bd7 5. Bg5 Nc6 6. Qd2 Nf6 7. Nc3 h6 8.
Bxf6 gxf6 9. Bb5 h5 10. O-O Bh6 11. Qd5 Bg7 12. Rad1 a6 13. Bxc6 bxc6 14. Qc4
Qc8 15. Nd4 c5 16. Nf5 Bxf5 17. exf5 Qxf5 18. Rfe1 Kf8 19. Nd5 Ra7 20. Qb3 Qc8
21. Qb6 Rd7 22. Nxe7 Qd8 23. Qxd8+ Rxd8 24. Nf5 d5 25. Re7 h4 26. Rde1 Rh5 1-0

[Event "XI Festival A"]
[Site "Campobasso ITA"]
[Date "2004.07.10"]
[Round "4"]
[White "Djuric, Stefan"]
[Black "Mrdja, Milan"]
[Result "1/2-1/2"]
[WhiteElo "2511"]
[BlackElo "2432"]
[PlyCount "20"]
[EventDate "2004.07.09"]

1. d4 g6 2. c4 Bg7 3. Nc3 Nf6 4. e4 d6 5. Nf3 a6 6. Be2 c5 7. d5 e6 8. O-O exd5
9. exd5 O-O 10. h3 Bf5 1/2-1/2

[Event "XI Festival A"]
[Site "Campobasso ITA"]
[Date "2004.07.10"]
[Round "4"]
[White "Georgiev, Vladimir"]
[Black "Damia, Angelo"]
[Result "1-0"]
[WhiteElo "2511"]
[BlackElo "2129"]
[PlyCount "37"]
[EventDate "2004.07.09"]

1. d4 Nf6 2. Bg5 c6 3. Bxf6 gxf6 4. c4 d5 5. e3 e5 6. Nc3 Qb6 7. a3 dxc4 8.
Bxc4 exd4 9. exd4 Qxb2 10. Na4 Bb4+ 11. axb4 Qxb4+ 12. Qd2 Qxc4 13. Nb6 Qe6+
14. Qe3 Kd8 15. Nxa8 Na6 16. Ne2 Qxe3 17. fxe3 Be6 18. Kd2 Kc8 19. Rhb1 1-0

[Event "XI Festival A"]
[Site "Campobasso ITA"]
[Date "2004.07.10"]
[Round "4"]
[White "Massetti, Gianfranco"]
[Black "Ficco, Corrado"]
[Result "0-1"]
[WhiteElo "2017"]
[BlackElo "2145"]
[PlyCount "54"]
[EventDate "2004.07.09"]

1. d4 Nf6 2. Nf3 g6 3. Nc3 d5 4. Bf4 Bg7 5. e3 b6 6. Bb5+ c6 7. Bxb8 cxb5 8.
Be5 a6 9. O-O O-O 10. h3 b4 11. Ne2 a5 12. Nf4 Ba6 13. Re1 Rc8 14. Nd2 Qd7 15.
f3 Bh6 16. e4 dxe4 17. Nxe4 Nxe4 18. fxe4 f6 19. Nd5 fxe5 20. Nxb6 Qxd4+ 21.
Qxd4 exd4 22. Nxc8 Rxc8 23. a3 Rxc2 24. axb4 Bd2 25. Red1 Bxb4 26. Kh1 d3 27.
b3 d2 0-1

[Event "XI Festival A"]
[Site "Campobasso ITA"]
[Date "2004.07.10"]
[Round "4"]
[White "Mazzilli, Piero"]
[Black "Mitkov, Nikola"]
[Result "0-1"]
[WhiteElo "2302"]
[BlackElo "2534"]
[PlyCount "65"]
[EventDate "2004.07.09"]

1. d4 Nf6 2. Nc3 d6 3. e4 e5 4. dxe5 dxe5 5. Qxd8+ Kxd8 6. Bc4 Ke8 7. Be3 c6 8.
f3 Nbd7 9. a3 a5 10. Nge2 Bc5 11. Kf2 b5 12. Ba2 Ke7 13. Ng3 Bxe3+ 14. Kxe3 g6
15. h4 h5 16. Nce2 Ne8 17. Nf1 Nd6 18. Nd2 Bb7 19. g3 Nb6 20. g4 hxg4 21. fxg4
Rh7 22. Ng3 Rah8 23. h5 Bc8 24. Kf3 Nd7 25. hxg6 fxg6 26. Rxh7+ Rxh7 27. Rh1
Rf7+ 28. Ke3 Nf6 29. g5 Nh7 30. Nf3 Be6 31. Bxe6 Kxe6 32. Nh4 Nc4+ 33. Ke2
{...} 0-1

[Event "XI Festival A"]
[Site "Campobasso ITA"]
[Date "2004.07.10"]
[Round "4"]
[White "Napoli, Nicolo'"]
[Black "Zimina, Olga"]
[Result "0-1"]
[WhiteElo "2172"]
[BlackElo "2430"]
[PlyCount "70"]
[EventDate "2004.07.09"]

1. e4 c6 2. d4 d5 3. f3 e6 4. Nc3 Bb4 5. Bf4 Ne7 6. Qd3 Ng6 7. Bg3 Qa5 8. Nge2
dxe4 9. fxe4 e5 10. dxe5 O-O 11. O-O-O Nxe5 12. Qd4 Nbd7 13. a3 Bc5 14. Qa4
Be3+ 15. Kb1 Qc5 16. Qb4 Ng4 17. h3 Nf2 18. Bxf2 Bxf2 19. Nf4 Qe3 20. Nd3 a5
21. Qe7 Bg3 22. Be2 Nf6 23. Nc5 h6 24. Rd3 Qg5 25. Rf1 b6 26. Rd8 Rxd8 27.
Qxd8+ Kh7 28. Qxb6 Be5 29. Qxc6 Rb8 30. Nb3 Qxg2 31. Bd3 Bxh3 32. Qc5 Qh2 33.
Re1 Be6 34. a4 g6 35. Nd5 Rxb3 0-1

[Event "XI Festival A"]
[Site "Campobasso ITA"]
[Date "2004.07.10"]
[Round "4"]
[White "Naumkin, Igor"]
[Black "Stromboli, Ettore"]
[Result "1-0"]
[WhiteElo "2457"]
[BlackElo "2116"]
[PlyCount "79"]
[EventDate "2004.07.09"]

1. d4 Nf6 2. c4 e6 3. Nf3 b6 4. g3 Bb7 5. Bg2 Be7 6. Nc3 Ne4 7. Bd2 f5 8. d5
Bf6 9. Qc2 Nxc3 10. Bxc3 O-O 11. Rd1 Qe7 12. O-O Na6 13. Nd4 Nc5 14. Bb4 Rfe8
15. Bxc5 bxc5 16. d6 cxd6 17. Nxf5 exf5 18. Bxb7 Rab8 19. Bf3 Rxb2 20. Qa4 Rb4
21. Qxa7 Kh8 22. Qa6 Be5 23. a3 Rb2 24. Rb1 g5 25. Rxb2 Bxb2 26. h3 Bd4 27. e3
Be5 28. Qb7 Qd8 29. a4 Re7 30. Qa8 Qxa8 31. Bxa8 Re8 32. Bb7 Rb8 33. Rb1 Bc3
34. Rb5 Kg7 35. Bc6 Rxb5 36. Bxb5 Kf6 37. Bxd7 Ke5 38. Bc6 Kf6 39. f4 gxf4 40.
gxf4 1-0

[Event "XI Festival A"]
[Site "Campobasso ITA"]
[Date "2004.07.10"]
[Round "4"]
[White "Pagano, Sergio"]
[Black "Gagliardi, Pietro"]
[Result "1/2-1/2"]
[WhiteElo "1906"]
[BlackElo "2201"]
[PlyCount "76"]
[EventDate "2004.07.09"]

1. d4 Nf6 2. Nf3 c5 3. c3 e6 4. Bf4 Nc6 5. Ne5 cxd4 6. Nxc6 bxc6 7. cxd4 Qb6 8.
Bc1 Bb4+ 9. Nc3 Ne4 10. Qd3 Qa5 11. Qxe4 Bxc3+ 12. Kd1 Qa4+ 13. Qc2 Qxd4+ 14.
Bd2 Bxd2 15. Qxd2 Qxd2+ 16. Kxd2 Rb8 17. b3 c5 18. Rc1 d6 19. e4 e5 20. Bc4 Ke7
21. Rc3 Be6 22. Rhc1 a5 23. g3 Rb6 24. f4 f6 25. Bxe6 Kxe6 26. f5+ Kd7 27. Rd3
Ke7 28. Rc4 Rb4 29. a3 Rxc4 30. bxc4 Rb8 31. Kc2 a4 32. g4 h6 33. Rh3 Kf7 34.
Rd3 Rb6 35. Rd1 Rb3 36. Rd3 Rb6 37. Rh3 Kg8 38. Kc1 Kf8 1/2-1/2

[Event "XI Festival A"]
[Site "Campobasso ITA"]
[Date "2004.07.10"]
[Round "4"]
[White "Shytaj, Luca"]
[Black "Femiano, Andrea"]
[Result "1/2-1/2"]
[WhiteElo "2344"]
[BlackElo "2125"]
[PlyCount "98"]
[EventDate "2004.07.09"]

1. e4 c5 2. Nf3 Nc6 3. Nc3 d6 4. Bb5 e5 5. h3 a6 6. Bxc6+ bxc6 7. d3 f5 8. exf5
Bxf5 9. O-O Nf6 10. Nh4 Bd7 11. f4 exf4 12. Bxf4 Be7 13. Bh2 O-O 14. Nf5 Bxf5
15. Rxf5 Qd7 16. Rf3 Rae8 17. Qd2 Bd8 18. Raf1 d5 19. Na4 Qe7 20. Bg3 Nd7 21.
Re1 Qg5 22. Rxf8+ Rxf8 23. Qxg5 Bxg5 24. Bd6 Rc8 25. Nxc5 Nxc5 26. Bxc5 Kf7 27.
g3 Rb8 28. b3 Rb7 29. a4 Bf6 30. Kg2 Rd7 31. Kf3 Rd8 32. g4 g6 33. Bf2 h5 34.
Bg3 hxg4+ 35. Kxg4 Rh8 36. Re2 Rh5 37. Bf4 Rf5 38. c4 Be7 39. Re5 Rxf4+ 40.
Kxf4 Bd6 41. cxd5 cxd5 42. b4 Kf6 43. d4 g5+ 44. Ke3 Bxe5 45. dxe5+ Kxe5 46.
Kd3 Ke6 47. Kc3 Ke5 48. b5 axb5 49. axb5 Ke6 1/2-1/2

[Event "XI Festival A"]
[Site "Campobasso ITA"]
[Date "2004.07.10"]
[Round "4"]
[White "Stromboli, Carlo"]
[Black "Messina, Enrico"]
[Result "1/2-1/2"]
[WhiteElo "2020"]
[BlackElo "2112"]
[PlyCount "84"]
[EventDate "2004.07.09"]

1. e4 c5 2. Nf3 d6 3. d4 cxd4 4. Nxd4 Nf6 5. Nc3 g6 6. Be3 Bg7 7. f3 O-O 8. Qd2
Nc6 9. O-O-O d5 10. Nxc6 bxc6 11. exd5 Nxd5 12. Nxd5 cxd5 13. Qxd5 Qc7 14. Qc5
Qb7 15. Qa3 Bf5 16. Bd3 Rfb8 17. b3 a5 18. Bxf5 gxf5 19. Qa4 Qb4 20. Qxb4 axb4
21. Rd7 Rxa2 22. Rhd1 h5 23. Rd8+ Kh7 24. Rxb8 Bc3 25. Rh8+ Bxh8 26. Bd4 e5 27.
Bb2 Ra5 28. Rd7 Rb5 29. Rxf7+ Kg6 30. Rd7 Bg7 31. f4 Bh6 32. Rd6+ Kg7 33. Bxe5+
Rxe5 34. Rxh6 Re1+ 35. Kd2 Rg1 36. Rxh5 Rxg2+ 37. Kd3 Kg6 38. Rh8 Rf2 39. Rh4
Kf6 40. Rh6+ Kg7 41. Rh4 Kf6 42. Kc4 Rxc2+ 1/2-1/2

[Event "XI Festival A"]
[Site "Campobasso ITA"]
[Date "2004.07.10"]
[Round "4"]
[White "Valotta, Massimiliano"]
[Black "Petruccioli, Antonio"]
[Result "1/2-1/2"]
[WhiteElo "1838"]
[BlackElo "2091"]
[PlyCount "133"]
[EventDate "2004.07.09"]

1. e4 c5 2. Nf3 e6 3. d4 cxd4 4. Nxd4 Nf6 5. Bd3 a6 6. O-O b5 7. a3 Bb7 8. Nc3
d6 9. Qe2 Nbd7 10. b4 Rc8 11. Bb2 Be7 12. Nb3 O-O 13. f4 e5 14. f5 d5 15. exd5
Nxd5 16. Nxd5 Bxd5 17. Rad1 Bf6 18. Nd2 Qb6+ 19. Qf2 Qb7 20. Rfe1 e4 21. Bxf6
Nxf6 22. c4 bxc4 23. Bc2 Rfe8 24. h3 e3 25. Rxe3 Rxe3 26. Qxe3 Re8 27. Qf2 h6
28. Ba4 Rc8 29. Rc1 a5 30. b5 Qe7 31. Rc3 Qe5 32. Re3 Qa1+ 33. Qe1 Qd4 34. Qf2
Qc5 35. Rc3 Qe7 36. b6 Qe5 37. Re3 Qa1+ 38. Qe1 Qxe1+ 39. Rxe1 Rb8 40. Rc1 Rxb6
41. Nxc4 Rb8 42. Ne3 Ba2 43. Ra1 Rb2 44. Nd1 Rd2 45. Nc3 Bc4 46. Rd1 Rxd1+ 47.
Bxd1 Bd3 48. g4 Kf8 49. Kf2 Ne4+ 50. Nxe4 Bxe4 51. Ke3 Bg2 52. h4 Ke7 53. Kd4
Kd6 54. Bc2 f6 55. Bd1 Bc6 56. Be2 Bd7 57. Bf3 h5 58. Be2 hxg4 59. Bxg4 g6 60.
Ke4 Ke7 61. Kf4 gxf5 62. Bxf5 Bxf5 63. Kxf5 Kf7 64. h5 Kg7 65. Ke6 Kh6 66. Kxf6
Kxh5 67. Ke5 1/2-1/2